Arrêts de la ligne C7 de Lyon (TCL) - Statistiques

Statistiques générales
  • Ce quiz a été pris 25 fois
  • Le résultat moyen est 20 sur 40
Statistiques - réponses
Arrondissement Arrêt % Correct
Lyon 7e Jean Macé
89%
Lyon 7e Place Jean Jaurès
83%
Saint-Genis-Laval Saint-Genis-Laval - Hôpital Lyon Sud
83%
Lyon 3e Gare Part-Dieu Vivier Merle
78%
Lyon 2e Musée des Confluences
78%
Oullins Orsel
78%
La Mulatière Pont de La Mulatière
78%
Oullins Pont d'Oullins
78%
La Mulatière Bastéro - Aquarium
72%
Lyon 7e Girondins - Yves Farge
67%
Oullins Bas des Chassagnes
61%
Oullins Cimetière d'Oullins
61%
Lyon 7e Garibaldi - Gambetta
61%
Saint-Genis-Laval Petit Perron
61%
Lyon 7e Ayasse - Yves Farge
56%
Lyon 7e Lortet
56%
Oullins Oullins Mairie
56%
Pierre-Bénite Pierre-Bénite Centre
56%
Lyon 3e Part-Dieu Renaudel
50%
Lyon 7e Simone de Beauvoir
50%
Oullins Diderot
44%
Lyon 3e Manufacture Montluc
44%
Lyon 7e Place Docteurs Mérieux
44%
Lyon 7e Domer Garibaldi
39%
Pierre-Bénite Émile Zola
39%
Lyon 3e Félix Faure - Vivier Merle
39%
Pierre-Bénite Garanjou
33%
Pierre-Bénite Pierre-Bénite Haute Roche
33%
Saint-Genis-Laval Chemin des Moulins
28%
Oullins Cité Ampère
28%
Oullins Combattants
28%
Pierre-Bénite La Maillette
28%
Lyon 7e Place Stalingrad
28%
Pierre-Bénite Charbinat
22%
Oullins Charton
22%
Lyon 7e Domer - Chevreul
22%
Lyon 7e (dir. Gare Part-Dieu VM) Domer Trois Pierres
22%
Lyon 3e La Buire
22%
Pierre-Bénite Charmet
17%
Lyon 7e Lamothe Madeleine
17%
Aucun quiz correspondant
Distribution des résultats
% des personnes avec chaque résultat
Percentile par nombre de réponses
Votre historique - résultats
Vous n’avez pas pris ce quiz